000 01571nam a2200481 i 4500
001 32619
003 KOSZ 005
005 20221013123940.0
008 980602s1997 pl a |000 0 pol
015 _aUWD 1998/6395
020 _a8371430043
035 _a991003630689705066
035 _a(PL-WaBN)b10971750-48omnis_nlop
035 _ab10971750
035 _a(OCoLC)749468529
035 _azz2004946626
035 _a(PL)b0000001097175
035 _a(EXLNZ-48OMNIS_NETWORK)9910173279905606
040 _aWA N
_cWA N
_dKOZ 005/HR
046 _k1997
080 _a621.315.6
080 _a533.5
100 1 _aOpydo, Władysław
_eAutor
245 1 0 _aProblemy wysokonapięciowej izolacji próżniowej /
_cWładysław Opydo.
260 _aPoznań :
_bWydawnictwo Politechniki Poznańskiej,
_c1997.
300 _a98 s. :
_brys., wykr. ;
_c24 cm.
336 _aTekst
_btxt
_2rdacontent
337 _aBez urządzenia pośredniczącego
_bn
_2rdamedia
338 _aWolumin
_bnc
_2rdacarrier
380 _aKsiążki
388 _a1901-2000
388 _a1989-2000
504 _aBibliogr. przy rozdz.
650 7 _aIzolacje elektryczne
_2DBN
650 7 _aPróżnia
_2DBN
650 7 _aTechnika wysokich napięć
_2DBN
658 _aFizyka i astronomia
658 _aInżynieria i technika
710 2 _aWydawnictwo Politechniki Poznańskiej
_4pbl
856 _uhttp://koha.tu.koszalin.pl/cgi-bin/koha/opac-detail.pl?biblionumber=32619
_yKatalog online BPK
942 _2UKD
_cKS
999 _c32619
_d32619